La reconstitución económica del país en su relación con el presupuesto del estado (Record no. 73987)

MARC details
000 -LEADER
campo de control de longitud fija 00618nam a2200169 i 4500
001 - NÚMERO DE CONTROL
campo de control 73987
003 - IDENTIFICADOR DE NÚMERO DE CONTROL
campo de control ES-MaACL
005 - FECHA Y HORA DE LA ÚLTIMA TRANSACCIÓN
campo de control 20230906171959.0
007 - CAMPO FIJO DE DESCRIPCIÓN FÍSICA--INFORMACIÓN GENERAL
campo de control de longitud fija t|
008 - DATOS DE LONGITUD FIJA--INFORMACIÓN GENERAL
campo de control de longitud fija 040914s1906 sp ||||1| spa d
100 1# - ENTRADA PRINCIPAL--NOMBRE DE PERSONA
Nombre de persona González Besada, Augusto,
Fechas asociadas al nombre 1865-1919
9 (RLIN) 58456
245 13 - MENCIÓN DEL TÍTULO
Título La reconstitución económica del país en su relación con el presupuesto del estado
Resto del título : discurso pronunciado en el Centro Mercantil de Salamanca en 28 de enero de 1906 /
Mención de responsabilidad, etc. Augusto González Besada.
260 ## - PUBLICACIÓN, DISTRIBUCIÓN, ETC.
Lugar de publicación, distribución, etc. Madrid :
Nombre del editor, distribuidor, etc. [s.n.],
Fecha de publicación, distribución, etc. 1906.
300 ## - DESCRIPCIÓN FÍSICA
Extensión 22 p. ;
Dimensiones 26 cm.
852 ## - LOCALIZACIÓN
Ubicación ES-MaACL
Número de control de estantería T-1065-F-11
Holdings
Estatus retirado Estado de pérdida Estado de daño No para préstamo Colección Biblioteca de origen Biblioteca actual Ubicación en estantería Fecha de adquisición Fuente de adquisición Total de préstamos Signatura topográfica completa Código de barras Visto por última vez Precio de reemplazo Tipo de ítem Koha
        Colección de folletos Biblioteca del Ateneo de Madrid Biblioteca del Ateneo de Madrid Depósito folletos 17/01/2008     T-1065-F-11 1077444 23/02/2023 23/02/2023 Folleto